000 00422nam a22001457a 4500
003 SGT
082 _a612.015
_bE24K
100 _aKASHYAP, PREETI
245 _aESTIMATION OF VITAMIN D3, FERRITIN, ApoB, ApoA1 RATIO, OXIDIZED LDL, AND INSULIN RESISTANCE IN FEMALE PATIENTS OF HYPOTHYROIDISM
260 _aGURUGRAM
_bSGT UNIVERSITY
_c2024
300 _a3985
650 _aBIOCHEMISTRY
653 _aPHD
942 _2ddc
_cTH
999 _c32486
_d32486